00828cam a22002414a 450000100090000000300060000900500170001500800410003201000170007302000250009004000180011505000220013308200210015510000270017624501320020326000510033530000290038649000250041550400630044065000220050365000380052570000230056315535019GBCCL20241126110349.0081125s2009 miua b 001 0 eng  a 2008051072 a9780801026607 (pbk.) aDLCcDLCdDLC00aBV2063b.M73 200900a266.001222bMUC1 aMuck, Terry C.,d1947-10aChristianity encountering world religions :bthe practice of mission in the twenty-first century /cTerry Muck, Frances Adeney. aGrand Rapids, Mich. :bBaker Academic,cc2009. a407 p. :bill. ;c23 cm.0 aEncountering mission aIncludes bibliographical references (p.386-396) and index. 0aMissionsxTheory. 0aChristianity and other religions.1 aAdeney, Frances S.